Sicherheit und Freiheit : zur Problematik des modernen Wohlfahrtsdenkens /

Hlavní autor: Zbinden, Hans, 1893-1971
Jazyk: Němčina
Vydáno: Stuttgart : K. Krämer, 1969
Fyzický popis: 40 stran
Knihy
Uloženo v:
LEADER 00741nam a22002292i 4500
001 001567373
003 CZ BrMZK
005 20170510150426.0
007 ta
008 170308s1969 gw er|||||||||||ger d
040 |a BOA001  |b cze  |e rda 
100 1 |a Zbinden, Hans,  |d 1893-1971  |7 mzk2013777175  |4 aut 
245 1 0 |a Sicherheit und Freiheit :  |b zur Problematik des modernen Wohlfahrtsdenkens /  |c Hans Zbinden 
264 1 |a Stuttgart :  |b K. Krämer,  |c 1969 
300 |a 40 stran 
336 |a text  |b txt  |2 rdacontent 
337 |a bez média  |b n  |2 rdamedia 
338 |a svazek  |b nc  |2 rdacarrier 
910 |a BOA001  |b X-0749.430 
990 |a BK 
991 |b 201703 
996 7 |b 2619192359  |c X-0749.430  |l MZK  |r Sklad / do 24 hodin  |n 0  |w 001602659  |u 000010  |a 1  |e BOA001  |j MZK50  |s A